-Stan country quiz - Statistics

General Stats
  • This quiz has been taken 19 times
  • The average score is 6 of 7
Answer Stats
Hint Answer % Correct
Asia Afghanistan
100%
Asia Kyrgistan
100%
Asia Pakistan
92%
Asia Tajikistan
92%
Asia Turkmenistan
92%
Asia Uzbekistan
75%
Asia Kazakstan
50%
No matching quizzes found
Score Distribution
Percent of People with Each Score
Percentile by Number Answered
Your Score History
You have not taken this quiz